000 00355nam a2200133 i 4500
001 bg
100 1 _aSAWONIAK, Henryk
245 0 _aMiędzynarodowa Bibliografia Bibliografii z zakresu informacji naukowej... /
_cH. Sawoniak.
260 _aWrocław,
_c1985.
040 _cBPK
041 _apol
942 _cKS
008 s pl f |000 0 pol
999 _c28258
_d28258
856 _uhttp://koha.tu.koszalin.pl/cgi-bin/koha/opac-detail.pl?biblionumber=28258
_yKatalog online BPK